Diasporas (Record no. 7823)

MARC details
000 -LEADER
fixed length control field 00527nam a22001937a 4500
003 - CONTROL NUMBER IDENTIFIER
control field OSt
005 - DATE AND TIME OF LATEST TRANSACTION
control field 20220317100701.0
008 - FIXED-LENGTH DATA ELEMENTS--GENERAL INFORMATION
fixed length control field 220317b ||||| |||| 00| 0 eng d
020 ## - INTERNATIONAL STANDARD BOOK NUMBER
International Standard Book Number 9781842779484
040 ## - CATALOGING SOURCE
Transcribing agency DDC
082 ## - DEWEY DECIMAL CLASSIFICATION NUMBER
Classification number 304.8 DIA 2010
100 ## - MAIN ENTRY--PERSONAL NAME
Personal name Kim, Knott : Sean Mcloughlin
9 (RLIN) 15923
245 ## - TITLE STATEMENT
Title Diasporas
Remainder of title : concepts , intersections, indentities
260 ## - PUBLICATION, DISTRIBUTION, ETC. (IMPRINT)
Place of publication, distribution, etc. Newyork
Name of publisher, distributor, etc. : zed books
Date of publication, distribution, etc. ,2010
300 ## - PHYSICAL DESCRIPTION
Extent viii,319p.
Dimensions ; 24 cm
504 ## - BIBLIOGRAPHY, ETC. NOTE
Bibliography, etc Bibliography<br/>Index
650 ## - SUBJECT ADDED ENTRY--TOPICAL TERM
Topical term or geographic name as entry element Migrations
9 (RLIN) 15924
942 ## - ADDED ENTRY ELEMENTS (KOHA)
Source of classification or shelving scheme Dewey Decimal Classification
Koha item type Book
Holdings
Withdrawn status Lost status Source of classification or shelving scheme Damaged status Not for loan Home library Current library Date acquired Source of acquisition Inventory number Total Checkouts Full call number Barcode Date last seen Price effective from Koha item type
    Dewey Decimal Classification     Faculty of Interdisciplinary Studies Library Faculty of Interdisciplinary Studies Library 17/03/2022 Purchase 11/4576   304.8 DIA 2010 2022-0471 17/03/2022 17/03/2022 Book
    Dewey Decimal Classification     Faculty of Interdisciplinary Studies Library Faculty of Interdisciplinary Studies Library 17/03/2022 Purchase 11/4584   304.8 DIA 2010 2022-0472 17/03/2022 17/03/2022 Book